000 01782nam0a2200373 i 4500
001 RU\NLR\bibl\1910318
005 20260406003302.0
010 _a9785981879692
_9500
021 _aRU
_b2012-34520
_92565
035 _a(NLR Aleph) 001899859
090 _a3033747
_c3033747
100 _a20120604d2012 k y0rusy50 ca
101 0 _arus
102 _aRU
105 _aa |||||||||
200 1 _aМетодологические основы гидроморфологической теории руслового процесса
_eизбранные труды
_e[к 100-летию со дня рождения И.В. Попова]
_fИ.В. Попов
_g[редкол.: д.т.н. А.Б. Клавец, к.т.н. З.Д. Копалиани]
210 _aСанкт-Петербург
_cНестор-История
_d2012
215 _a300 с., [1] л. портр.
_cил.
_d21
300 _aВ предисл. авт.: д.г.-м.н., проф. И.В. Попов
320 _aБиблиогр. в конце ст.
320 _aТр. авт: с. 295-299
600 1 _aПопов
_bИ.В.
_f1912 - 1992
_gИгорь Владимирович
_92106675
_3RU\NLR\auth\661577156
606 1 _aРусловые процессы
_jСборники
_xГидролого-морфологическая теория
_92051312
_3RU\NLR\auth\661230439
686 _aД8д(2)Попов
686 _aД823.121.54я44
686 _aД225.5я44
700 1 _4070
_7ca
_8rus
_aПопов
_bИ. В.
_cд-р геогр. наук
_f1912-1992
_gИгорь Владимирович
_995747
_3RU\NLR\auth\77112822
702 1 _aКлавен
_bА. Б.
_4340
801 0 _aRU
_bNLR
_c20120604
_gRCR
801 1 _aRU
_bNLR
_c20120604
830 _aавт. по кн.
942 _cBOOK
980 _aNBR